|
|
|
|
| LEADER |
00000nas a22000007a 4500 |
| 001 |
ssj0012603 |
| 003 |
WaSeSS |
| 005 |
20200512172242.0 |
| 006 |
m d |
| 007 |
cr n |
| 008 |
020613c19899999nyuqr pss 0 a0eng c |
| 010 |
|
|
|a 2002214305
|
| 015 |
|
|
|a GBB612456
|2 bnb
|
| 016 |
7 |
|
|a 003274283
|2 IsJJNL
|
| 016 |
7 |
|
|a 015496643
|2 Uk
|
| 022 |
|
|
|a 1540-4129
|l 0894-6566
|y 0894-6566
|
| 035 |
|
|
|a (WaSeSS)ssj0012603
|
| 037 |
|
|
|b The Haworth Press, Inc., 10 Alice St., Binghamton, NY 13901-1580
|
| 040 |
|
|
|a NSD
|b eng
|c NSD
|d OCL
|d NSD
|d OCLCQ
|d MXC
|d OCLCS
|d LGG
|d OCLCQ
|d UKMGB
|d OCLCQ
|d OCLCF
|d CHVBK
|d OCLCO
|d J9U
|d UKBOL
|d OCLCQ
|d NLE
|d REB
|d OCLCO
|d U3W
|d OCLCO
|d AU@
|d OCLCO
|d WYU
|d OCLCO
|d AUD
|d TKN
|d OCLCO
|d OCLCA
|d VT2
|d DLC
|d WaSeSS
|
| 042 |
|
|
|a nsdp
|a pcc
|
| 043 |
|
|
|a n-us---
|
| 050 |
0 |
0 |
|a HV6626.3
|
| 060 |
0 |
0 |
|a W1
|b JO634
|
| 082 |
1 |
0 |
|a 362
|2 13
|
| 130 |
0 |
|
|a Journal of elder abuse & neglect (Online)
|
| 222 |
|
0 |
|a Journal of elder abuse & neglect
|b (Online)
|
| 245 |
1 |
0 |
|a Journal of elder abuse & neglect
|h [electronic resource].
|
| 246 |
3 |
|
|a Journal of elder abuse and neglect
|
| 260 |
|
|
|a Binghamton, N.Y. :
|b Haworth Press
|
| 310 |
|
|
|a Quarterly
|
| 362 |
1 |
|
|a Began in 1989.
|
| 506 |
|
|
|a License restrictions may limit access.
|
| 538 |
|
|
|a Mode of access: World Wide Web.
|
| 588 |
|
|
|a Description based on printout of: vol. 13, no. 2 (2001); title from journal screen (viewed Oct. 22, 2003).
|
| 588 |
|
|
|a Latest issue consulted: Vol. 32, issue 2 (2020); (Taylor & Francis Online, viewed April 1, 2020).
|
| 650 |
|
0 |
|a Older people
|x Abuse of
|z United States
|v Periodicals.
|
| 650 |
|
0 |
|a Social work with older people
|z United States
|v Periodicals.
|
| 650 |
|
7 |
|a Older people
|x Abuse of.
|2 fast
|0 (OCoLC)fst01199094
|
| 650 |
|
7 |
|a Social work with older people.
|2 fast
|0 (OCoLC)fst01199449
|
| 650 |
|
2 |
|a Elder Abuse
|v Periodicals.
|
| 651 |
|
7 |
|a United States.
|2 fast
|0 (OCoLC)fst01204155
|
| 653 |
|
|
|a Health and social care
|
| 655 |
|
0 |
|a Electronic journals.
|
| 776 |
1 |
|
|t Journal of elder abuse & neglect
|x 0894-6566
|w (DLC) 89656195
|w (OCoLC)16162582
|
| 856 |
4 |
0 |
|z Full text available from Research Library: 01/01/1995 to 01/31/1998
|u https://search.proquest.com/publication/45689
|